Žofie Bavorská / Sophie von Bayern Rodinná korespondence z let 1422-1427 / Familienkorrespondenz 1422-1427
Saved in:
| Main Author | |
|---|---|
| Format | Electronic eBook |
| Language | Czech |
| Published |
Karolinum
2024
|
| Edition | 1. elektronické vydání |
| Subjects | |
| Online Access | Dostupné v BOOKPORT po přihlášení pomocí eduID |
| ISBN | 978-80-246-5313-6 978-80-246-5268-9 |
| Physical Description | 1 online zdroj (310 stran) |
| LEADER | 00000nam a2200000 i 4500 | ||
|---|---|---|---|
| 001 | bkp436266427 | ||
| 003 | CZ-prgp | ||
| 005 | 20241112083906.0 | ||
| 006 | m o d | ||
| 007 | cr cn | ||
| 008 | 241112s2024 xr o 000 0 cze | ||
| 020 | |a 978-80-246-5313-6 |c 290 Kč |q (online ; pdf) | ||
| 020 | |a 978-80-246-5268-9 |c 420 Kč |q (print) | ||
| 040 | |a Grada |b cze |e rda | ||
| 100 | 1 | |a Hasilová, Helena | |
| 245 | 1 | 0 | |a Žofie Bavorská / Sophie von Bayern |b Rodinná korespondence z let 1422-1427 / Familienkorrespondenz 1422-1427 |c Helena Hasilová |
| 250 | |a 1. elektronické vydání | ||
| 264 | 1 | |b Karolinum |c 2024 | |
| 300 | |a 1 online zdroj (310 stran) | ||
| 336 | |a text |b txt |2 rdacontent | ||
| 337 | |a počítač |b c |2 rdamedia | ||
| 338 | |a online zdroj |b cr |2 rdacarrier | ||
| 520 | 3 | |a Kniha je určena široké odborné veřejnosti - české i německé. Své čtenáře najde jak mezi historiky, medievalisty a archiváři, tak i mezi lingvisty-germanisty zabývajícími se středověkou němčinou. Kniha obsahuje stručnou biografii české královny Žofie Bavorské, druhé manželky českého a římského krále Václava IV. Lucemburského. Přináší také edici její korespondence s bratry Arnoštem a Vilémem z rodu Wittelsbachů z let 1422-1427. Čtenář v knize najde přepis této korespondence do současné němčiny a češtiny a její lingvistický rozbor. | |
| 650 | 0 | 4 | |a Lingvistika |
| 856 | 4 | 0 | |u https://www.bookport.cz/AccountSaml/SignIn/?idp=https://shibboleth.utb.cz/idp/shibboleth&returnUrl=/kniha/zofie-bavorska-sophie-von-bayern-14193/ |y Dostupné v BOOKPORT po přihlášení pomocí eduID |